Carregant...

Environmental statistics, methods and applications.

Dades bibliogràfiques
Autor principal: Barnett, Vic
Format: Printed Book
Publicat: NewYork, JhonWiley & Sons 2004
Matèries:
LEADER 005420000a22001570004500
020 |a 0-471-48971-9 
082 |a 519.5 BAR 
100 |a Barnett, Vic  |9 140097 
245 |a Environmental statistics, methods and applications. 
260 |a NewYork, JhonWiley & Sons 
260 |c 2004 
650 |a Environmental Statistics  |9 140098 
650 |a Statistics  |9 140099 
942 |c BK 
999 |c 178377  |d 178373 
952 |0 0  |1 0  |4 0  |6 519_500000000000000_BAR  |7 0  |9 176831  |a SES  |b SES  |d 2019-05-16  |l 1  |o 519.5 BAR  |p SES02156  |q 2020-02-19  |r 2020-01-20  |s 2020-01-20  |w 2019-05-16  |y BK